| 000 | 00448nam a2200181Ia 4500 | ||
|---|---|---|---|
| 005 | 20240823055725.0 | ||
| 008 | 240823s9999||||xx |||||||||||||| ||und|| | ||
| 041 | _aENGLISH | ||
| 082 | _A330.954 P2 | ||
| 100 | _aVinanchi Arachi Jebamalai | ||
| 245 | 0 | _aIndia's Time : Essays in Honour of Murasoli Maran | |
| 250 | _a1st | ||
| 260 |
_c2002 _bKadiroli publica |
||
| 500 | _aYES | ||
| 650 |
_aEssays _bGeneral |
||
| 942 | _cBK | ||
| 999 |
_c229457 _d229457 |
||